Normal view MARC view
  • Bhatt.P.etal.

Entry Personal Name

Number of records used in: 2

001 - CONTROL NUMBER

  • control field: 620

003 - CONTROL NUMBER IDENTIFIER

  • control field: OSt

005 - DATE AND TIME OF LATEST TRANSACTION

  • control field: 20160916140456.0

008 - FIXED-LENGTH DATA ELEMENTS

  • fixed length control field: 160916|| aca||aabn | a|a d

040 ## - CATALOGING SOURCE

  • Original cataloging agency: OSt

100 ## - HEADING--PERSONAL NAME

  • Personal name: Bhatt.P.etal.

Powered by Koha